LEADER 02003nam a2200349 i 4500 001 000000136003 003 CaOOAMICUS 005 20230405135855.0 008 180110s1808 it u000 u ita u 013 $a109464 026 $aE.LE l.V. a.a, ChFa (3) 1808 (R) 040 $aSeMil$bita 245 00$aPoesie rusticali raccolte ed illustrate con note dal dott. Giulio Ferrario. 260 $aMilano :$bDalla Società Tipografica de' Classici Italiani contrada di S. Margherita n. 1118,$c1808. 300 $aXXX, [4], 172 p., [8] carte di tav. calcogr. :$britr. ;$c4°. 500 $aContiene poesie di: Lorenzo de' Medici, L. Pulci, F. Doni, G. Simeoni, F. Bracciolini, F. Baldovini, L. Clasio, J. Cicognini. - Vignetta calcogr. sul front. 650 4$aPoesia italiana - Antologie.$0(OLS)http://semarc/subject/506 700 1 $aMedici, Lorenzo : de',$d<1449-1492>.$0(OLS)http://semarc/name/8233 700 1 $aPulci, Luigi,$d<1432-1484>.$0(OLS)http://semarc/name/6330 700 1 $aSimeoni, Gabriele,$d<1509-1576?>.$0(OLS)http://semarc/name/74987 700 1 $aBracciolini, Francesco,$d<1566-1645>.$0(OLS)http://semarc/name/37619 700 1 $aFerrario, Giulio,$d<1767-1847>.$0(OLS)http://semarc/name/89332 700 1 $aCicognini, Jacopo,$d<1577-1633>.$0(OLS)http://semarc/name/93428 700 1 $aFiacchi, Luigi,$d<1754-1825>.$0(OLS)http://semarc/name/37507 700 1 $aBaldovini, Francesco,$d<1634-1716>.$0(OLS)http://semarc/name/93429 700 1 $aDoni, Anton Francesco,$d<1513-1574>.$0(OLS)http://semarc/name/6087 850 $aSeMil 852 $aSeMil$W1$xVenegono$y1$m1U VI 7 FA$j89635$B89635$CSeMilBibl$Z2$F220656 $8I 961 $aOmaggio: Delpini mons. Mario 996 $6245$aPoesie rusticali raccolte ed illustrate con note dal dott. Giulio Ferrario$9(OLS)http://semarc/title/408464 996 $6260$aMilano :$bDalla Società Tipografica de' Classici Italiani contrada di S. Margherita n. 1118$9(OLS)http://semarc/publisher/57261 LEADER 01084nam a2200277 i 4500 001 000000038420 003 CaOOAMICUS 005 20181120161411.0 008 120316s1991 it u000 u ita u 013 $a9005 040 $aSeMil$bita 100 1 $aMaggioni, Bruno,$d<1932-2020>.$0(OLS)http://semarc/name/4235 245 10$aCristianesimo quotidiano /$cBruno Maggioni. 260 $aMilano :$bO.R.,$c1991. 300 $a259 p. ;$c19 cm. 490 0 $aMeditazioni bibliche. Nuova serie ;$v2 490 0 $aMeditazioni bibliche [OR] ;$v2 650 4$aMeditazioni.$0(OLS)http://semarc/subject/1352 830 0$aMeditazioni bibliche. Nuova serie [OR] ;$v2.$0(OLS)http://semarc/title/401211 830 0$aMeditazioni bibliche ;$v2.$0(OLS)http://semarc/title/420015 850 $aSeMil 852 $aSeMil$W1$xVenegono$y1$m2C IV 265$j4575$B4575$CSeMilBibl$Z2$F4575 $81 961 $aOmaggio: Scuola Cattolica 996 $6245$aCristianesimo quotidiano$9(OLS)http://semarc/title/54214 996 $6260$aMilano :$bO.R.$9(OLS)http://semarc/publisher/29789